| 000 | 00478nam a2200169 i 4500 | ||
|---|---|---|---|
| 001 | 146241 | ||
| 003 | ES-MaACL | ||
| 005 | 20230906201450.0 | ||
| 007 | t| | ||
| 008 | 070905s1958 sp ||||1| spa d | ||
| 245 | 0 | 0 | _aTransformadores para radiorreceptores. |
| 250 | _a[1ยช ed.]. | ||
| 260 |
_a[Madrid, etc : _bEscuelas Internacionales, _c1958] |
||
| 300 |
_a41 p. : _bil. ; _c19 cm. |
||
| 710 | 2 |
_aEscuelas Internacionales. _93618 |
|
| 852 |
_aES-MaACL _j2004-F-20 _bR.45866 |
||
| 999 |
_c146241 _d146241 |
||